书目信息 |
| 题名: |
精通3DS MAX 7
|
|
| 作者: | 徐谡 , 徐立 主编 | |
| 分册: | ||
| 出版信息: | 北京 科学出版社 2005.02 |
|
| 页数: | x, 490页, [4] 页图版 | |
| 开本: | 26cm | |
| 丛书名: | 从入门到精通系列 | |
| 单 册: | ||
| 中图分类: | TP391.41 | |
| 科图分类: | ||
| 主题词: | 三维--san wei--动画--图形软件 , 3DS MAX 7 | |
| 电子资源: | ||
| ISBN: | 7-03-014676-X | |
| 000 | 00960nam 2200265 450 | |
| 001 | 012006821574 | |
| 005 | 20060308164042.25 | |
| 010 | @a7-03-014676-X@dCNY55.00 | |
| 100 | @a20060308d2005 km y0chiy0120 ea | |
| 101 | 0 | @achi |
| 102 | @aCN@b110000 | |
| 105 | @aaf z 000yy | |
| 200 | 1 | @a精通3DS MAX 7@Ajing tong 3DS MAX 7@f徐谡, 徐立主编@Fxu su,xu li zhu bian |
| 210 | @a北京@c科学出版社@d2005.02 | |
| 215 | @ax, 490页, [4] 页图版@c图 (部分彩图)@d26cm | |
| 225 | 2 | @a从入门到精通系列@Acong ru men dao jing tong xi lie |
| 330 | @a3DS MAX 7是3D Studio MAX系列的最新版本,可以运行在Windows 2000/XP操作系统下.本书由浅入深、循序渐进地介绍了三维场景和动画制作软件3DS MAX 7的使用方法和技巧。 | |
| 410 | 0 | @12001 @a从入门到精通系列 |
| 606 | 0 | @a三维@Asan wei@x动画@x图形软件 |
| 606 | 0 | @a3DS MAX 7 |
| 690 | @aTP391.41@v4 | |
| 701 | 0 | @a徐谡@Axu su@4主编 |
| 701 | 0 | @a徐立@Axu li@4主编 |
| 801 | 0 | @aCN@bQSSK@c20060308 |
| 905 | @a10447@dTP391.41@eX808 | |
| 精通3DS MAX 7/徐谡, 徐立主编.-北京:科学出版社,2005.02 |
| x, 490页, [4] 页图版:图 (部分彩图);26cm.-(从入门到精通系列) |
| ISBN 7-03-014676-X:CNY55.00 |
| 3DS MAX 7是3D Studio MAX系列的最新版本,可以运行在Windows 2000/XP操作系统下.本书由浅入深、循序渐进地介绍了三维场景和动画制作软件3DS MAX 7的使用方法和技巧。 |
| ● |
| 相关链接 |
|
|
|
正题名:精通3DS MAX 7
索取号:TP391.41/X808
 
预约/预借
| 序号 | 登录号 | 条形码 | 馆藏地/架位号 | 状态 | 备注 |
| 1 | 555003 | 205550036 | 自科库301/301自科库 98排2列3层/ [索取号:TP391.41/X808] | 在馆 | |
| 2 | 555004 | 205550045 | 自科二线404/404自科库 15排4列5层/ [索取号:TP391.41/X808] | 在馆 | |
| 3 | 555005 | 205550054 | 自科库301/301自科库 98排2列3层/ [索取号:TP391.41/X808] | 在馆 |